00294nam a2200133Ia 45000030006000000080041000060400015000471000022000622450014000842500011000982600022001095460012001310050017001430STCL150530s9999 xx 000 0 und d aSTCLcSTCL aShull Franlin, A. aEvolution aSecond bMcgraw hillc1951 aEnglish20220125170448.0